Tua bin khí /

Saved in:
Bibliographic Details
Main Author: B.B Uvarốp
Format: Book
Language:Vietnamese
Published: Melbourne : MOCKBA , 1970
Subjects:
Tags: Add Tag
No Tags, Be the first to tag this record!
Institutions: Thư viện Trường CĐ Kỹ Thuật Cao Thắng
LEADER 00542nam a2200181 a 4500
001 TVCDKTCT1748
003 Thư viện trường Cao đẳng Kỹ thuật Cao Thắng
005 20050810000000
008 050810
980 \ \ |a Thư viện Trường CĐ Kỹ Thuật Cao Thắng 
024 |a RG_1 #1 eb0 i1 
041 0 # |a vie 
082 # # |a 621.8 /   |b UV100R-g 
100 1 # |a B.B Uvarốp 
245 0 0 |a Tua bin khí /  |c B.B Uvarốp 
260 # # |a Melbourne :  |b MOCKBA ,  |c 1970 
300 # # |a 319tr. ;  |c 24cm 
650 # 4 |a Kỹ nghệ cơ giới